Processy terminologizacii i determinologizacii ekonomičeskoj leksiki
Termín ako prostriedok na odovzdanie informácie. Terminologizácia ako jazykový proces, pri ktorom slovo nadobúda význam termínu v určitej odbornej oblasti. Spôsoby terminologizácie. Charakteristika pojmu determinologizácia. Determinologizácia ekonomickej lexiky v publicistickom štýle.
Gespeichert in:
| 1. Verfasser: | |
|---|---|
| Format: | Buchkapitel |
| Sprache: | Russisch |
| Schlagworte: | |
| Tags: |
Keine Tags, Fügen Sie das erste Tag hinzu!
|
MARC
| LEADER | 00000naa$a2200000$$$4500 | ||
|---|---|---|---|
| 001 | 0250515 | ||
| 005 | 20240502083715.4 | ||
| 041 | 0 | |a rus | |
| 044 | |a ES | ||
| 245 | 1 | 0 | |a Processy terminologizacii i determinologizacii ekonomičeskoj leksiki |c Tatjana Grigorjanová |
| 520 | |a Termín ako prostriedok na odovzdanie informácie. Terminologizácia ako jazykový proces, pri ktorom slovo nadobúda význam termínu v určitej odbornej oblasti. Spôsoby terminologizácie. Charakteristika pojmu determinologizácia. Determinologizácia ekonomickej lexiky v publicistickom štýle. | ||
| 610 | 2 | 0 | |a jazykoveda |
| 610 | 2 | 0 | |a terminológia |
| 610 | 2 | 0 | |a lexikológia |
| 610 | 2 | 0 | |a špecializácia |
| 610 | 2 | 0 | |a ekonómia |
| 610 | 2 | 0 | |a publicistika |
| 610 | 2 | 0 | |a ruština |
| 610 | 2 | 0 | |a slovenčina |
| 100 | 1 | |a Grigorjanová, Tatjana, 1960- | |